Communist Leaders - Sudden Death - Statistics

General Stats
  • This quiz has been taken 270 times
  • The average score is 5 of 22
Answers on the Grid
Answers color-coded by a green-red scale on the quiz's grid according to % correct below.
Boris Pashkovsky
Hua Guofeng
Józef Piłsudski
Władysław Gomułka
Mohammad Najibullah
Yair Lapid
Miguel Díaz-Canel
Milka Planinc
Vojislav Šešelj
Ramiz Alia
Enver Hoxha
Lepa Brena
Béla Kun
Wojciech Jaruzelski
Willy Brandt
Yuri Andropov
Kurt Waldheim
E. M. S. Namboodiripad
Vesna Vulović
Edward Gierek
Walter Ulbricht
Walter Model
Vladimir Kramnik
Giuseppe Maiani
Đorđe Martinović
Erich Honecker
Gheorghe Gheorghiu-Dej
Naser Moghaddam
Alexander Dubček
Bolesław Bierut
Gaëtan Dugas
Olga Korbut
Georgy Malenkov
Václav Havel
Karla Homolka
Maurice Bishop
Soledad Bravo
Otoya Yamaguchi
Trường Chinh
Thomas Sankara
 
Answer Stats
Answer % Correct
Yuri Andropov
57%
Enver Hoxha
48%
Thomas Sankara
45%
Erich Honecker
39%
Georgy Malenkov
39%
Hua Guofeng
32%
Walter Ulbricht
29%
Alexander Dubček
28%
Władysław Gomułka
25%
Miguel Díaz-Canel
22%
Wojciech Jaruzelski
22%
Trường Chinh
19%
Béla Kun
16%
Gheorghe Gheorghiu-Dej
15%
Maurice Bishop
15%
Bolesław Bierut
14%
Mohammad Najibullah
12%
Edward Gierek
7%
Giuseppe Maiani
6%
Milka Planinc
6%
E. M. S. Namboodiripad
5%
Ramiz Alia
5%
No matching quizzes found
Score Distribution
Percent of People with Each Score
Percentile by Number Answered
Your Score History
You have not taken this quiz